000
00330nam a22001457a 4500
008
221014b ||||| |||| 00| 0 eng d
020
_a
2901884585899
041
_a
eng
080
_2
FOURTH EDITION
_a
61
082
_a
61
100
_a
5
101
_a
MJEK
245
_a
PROPOSING EMPIRICAL RESEARCH
_c
PATTEN M
942
_2
udc
_c
BK
999
_c
58581
_d
58581